000 00496nam a2200169Ia 4500
005 20250923144422.0
008 008 250917s9999 xx 000 0 eng d
037 _aReference
040 _aDSWL
_beng
_cDSWL
041 _aeng
_2eng
084 _aYXp73,M74, N50;1
_qDSWL
245 0 _aOffical proceedings,1949
_cby National Conference of Social Work
260 _aNew York
_b CUP
_c1950
300 _a312 p.
942 _cREF
_hYXp73,M74, N50;1
999 _c1438615
_d1438615